000 02776nam a2200481 a 4500
001 00003881
003 DO-SdBNP
005 20180306115722.0
007 00003881
008 091123s2001 dr 2001 a 000 0 spa d
020 _a9788482613512
020 _a8482613510
040 _aBPMSU
_bspa
_cBPMSU
082 0 4 _a372.6561
_bG216L 2do. 2001
100 1 _aGarcía Cartagena, Manuel
245 1 0 _aLengua y literatura 2 :
_beducación media /
_cManuel García Cartagena ; dirección editorial Obdulia García de Escobar ; ilustración Ruddy Núñez.
260 _aSanto Domingo :
_bSantillana,
_c2001.
300 _a279 p. :
_bil., mapas., retrs. ;
_c28 cm.
490 1 _aUmbral
500 _aSegundo de bachillerato 2do. curso/Primer ciclo.
505 1 _tLa expresión creativa --
_tJuntos construimos la armonía --
_tAlma dominicana --
_tDesarrolla tu potencial social --
_tExpresa tu mundo interior --
_tLa salud y los remedios --
_tTodo se consigue trabajando --
_tLa Tierra: un planeta amenazado --
_tMáquinas que dominana el mundo --
_tEl valor de nuestra vida --
_t¡Limpiemos el planeta! --
_tEl trabajo en la Tierra.
505 1 _tMecánica literaria --
_tMecánica de la versificación --
_tLa expresión creativa --
_tJuntos construiremos la armonía --
_tAlma dominicana --
_tProyecto 1 El español: una lengua internacional --
_tMecánica de la argumentación --
_tMecánica de la interacción --
_tDesarrolla tu potencial social --
_tExpresa tu mundo interior --
_tLa salud y los remedios --
_tMecánica del resumen --
_tEstructuras discursivas --
_tTodo se consigue trabajando --
_tLa tierra: un planeta amenazado --
_tMáquinas que dominan el mundo --
_tProyecto 2 -- Procedimientos de documentación --
_tMecánica del comentario --
_tMecánica de los generos --
_tEl valor de nuestra vida --
_t!Limpiemos el planetas¡ --
_tEl trabajo en la tierra --
650 4 _aESPAÑOL
_xENSEÑANZA SECUNDARIA
650 4 _aESPAÑOL
_xEDUCACIÓN SECUNDARIA
650 4 _aESPAÑOL
_xLIBROS DE TEXTOS
650 4 _aESPAÑOL
_xESTUDIOS Y EJERCICIOS
650 4 _aEDUCACIÓN SECUNDARIA
_zREPÚBLICA DOMINICANA
650 4 _aLITERATURA
_xLIBROS DE TEXTOS
650 4 _aLITERATURA
_xENSEÑANZA BÁSICA
650 4 _aLITERATURA
_xESTUDIOS Y EJERCICIOS
650 4 _aLITERATURA
_xEDUCACIÓN SECUNDARIA
700 1 2 _aGarcía de Escobar, Obdulia,
_eed.
700 1 2 _aNúñez, Ruddy,
_eil.
830 0 _aUmbral
910 _aValidado. Control de calidad MFF
930 1 _lBND01
_mLF1
_820091123
_f01
_pCT
_g8136
942 _2ddc
_cBK
945 _aInventariado, 2018 /LP
956 _aJPARRA
_b10
_c20091123
_lBND01
_h1157
956 _aBTAVAREZ
_b10
_c20100817
_lBND01
_h1112
956 _aVMATEO
_b10
_c20150730
_lBPMSU
_h00151
956 _aLOPEREZ
_b10
_c20160425
_lBPMSU
_h00041
999 _c9902
_d9902